000 00855cam a22002411i 4500
003 SA-RiAUC
005 20250628050227.0
008 250627s2005 le g 000 0 ara c
040 _aSA-RiAUC
_bara
_cSA-RiAUC.
_erda
082 0 4 _a233
090 _a233
_bع ز و
100 1 _aعزوز، محمد السيد أحمد
_eمؤلف.
245 1 2 _aالحسرات فيمن رحل للسماع على محدث فوجده قد مات /
_cمحمد بن عزوز.
250 _aالطبعة الأولى.
264 1 _aبيروت :
_bدار ابن حزم،
_c2005
300 _a478 صفحة،
_c24 سم.
336 _aنص
_btxt
_2rdacontent
_3كتاب
337 _aبدون وسيط
_bn
_2rdamedia
338 _aمجلد
_bnc
_2rdacarrier
650 7 _aالحديث
_xرواية
_2aucsh
942 _2ddc
_cBOOK
_n0
949 _aSA-JeALM
_d250627
_umohamedma123
_n1
999 _c9281
_d9281